| 000 | 01345cam a22002054a 4500 | ||
|---|---|---|---|
| 005 | 20250605164112.0 | ||
| 008 | 250528s ||||||||||||||||||||||||d | ||
| 035 | _a17917 | ||
| 020 | _a273614185 | ||
| 040 |
_aGR-AtMCL _bgre _dGR-AtMCL _eAACR2 |
||
| 245 | 1 | _aStrategic Management Support Systems | |
| 260 |
_bPitman Publishing, _c1996 |
||
| 300 | _a338 | ||
| 520 | _aAn essential reading for anybody wanting to further their knowledge and skills in information systems planning, MSS, and in the effective combination of these two topics to derive strategic MSS. Preface, Acknowledgements, Introduction, Introduction and Overview, Management Support Systems, What is a Management Support System (MSS)? Technologies and MSS Opportunities, Information Handling Support with MSS, Passive Decision Making Support with MSS, Active Decision Making Support with MSS, MSS Development: Approaches and Techniques, Strategic Information Systems Planning (SISP), What is Strategic Information Systems Planning (SISP)?, SISP Methodologies and Techniques and Tools, How to Perform a SISP Exercise, Business Process Re-engineering, SISP Summary, Strategic MSS, Combining SISP/SCH and MSS: Strategic MSS, Conclusion, Index. | ||
| 700 | 1 |
_aFidler Christine _94215 |
|
| 700 | 1 |
_aRogerson Simon _94216 |
|
| 942 | _cBK | ||
| 999 |
_c3316 _d3316 |
||